000 00979nmm a2200277 a 4500
001 ocm0001221508
003 TR-IsHL
005 20201028154820.0
008 131226s2009 tu tur
007 cr cn
020 _a9789758081240
035 _a1221508
_b(N$T)
050 0 4 _aHQ1206
_b.Y46 2009
090 0 4 _aHQ1206
_b.Y46 2009
245 1 0 _aYeni harflerle hanımlara mahsus gazete: 1895-1908 seçki
_h[electronic resource] /
_chaz. Mustafa Çiçekler, M. Fatih Andı
260 _aİstanbul :
_bKadın Eserleri Kütüphanesi ve Bilgi Merkezi Vakfı,
_c2009
300 _a386 p.
650 4 _aSosyoloji
650 4 _aSociology
650 0 _aKadınlar
_x Türkiye
_x Süreli yayınlar
650 0 _aWomen
_x Turkey
_x Periodicals
650 7 _aSOCIAL SCIENCE / Women's Studies
_2bisacsh
700 1 _aÇiçekler, Mustafa
700 1 _aAndı, M. Fatih
856 4 0 _uhttp://search.ebscohost.com/login.aspx?direct=true&scope=site&db=e011xww&AN=1221508
999 _c12768
_d12768